[Event "Skalica Masters 2020"]
[Site "Skalica"]
[Date "2020.08.30"]
[Round "9.2"]
[White "Donchenko, Alexander"]
[Black "Blohberger, Felix"]
[Result "1-0"]
[WhiteElo "2657"]
[BlackElo "2467"]
[Annotator "TA"]
[PlyCount "101"]
[EventDate "2020.08.23"]
[EventType "tourn"]
[EventCountry "SVK"]
[SourceTitle "playchess.com"]
[Source "ChessBase"]
[SourceQuality "1"]

{[%evp 12,101,15,9,17,15,20,12,14,15,12,10,12,11,8,9,11,10,13,31,33,39,40,25,52,52,43,41,135,137,175,175,175,175,173,172,188,166,192,138,141,125,204,196,191,197,196,195,187,191,191,160,147,147,228,214,233,233,218,218,267,263,267,267,287,0,267,267,267,267,267,260,252,260,260,248,252,252,245,243,236,209,200,200,200,193,200,193,361,335,324,317]} 1. d4 Nf6 2. c4 e6 3. g3 Bb4+ 4. Nd2 c5 5. a3 Bxd2+ 6. Qxd2 cxd4 7. Nf3 d5 {E00: Catalan Bogo-Indian (3 g3 Bb4+).} 8. Bg2 dxc4 {next ...Nc6 is good for Black.} 9. Qxd4 Qxd4 {The position is equal.} 10. Nxd4 {Threatening Nb5.} O-O 11. Be3 Nd5 12. Rc1 Nxe3 13. fxe3 Nd7 14. Rxc4 Rd8 15. O-O Nf6 {[#]} 16. Nf3 $146 ({Predecessor:} 16. Rc7 Rb8 17. b4 Rd7 18. Rc4 Rd8 19. Rc7 e5 20. Nb5 Bg4 21. Re1 a6 22. Nc3 {½-½ (46) Wojtaszek,R (2744)-Karjakin,S (2778) Shamkir 2018}) 16... Bd7 17. Ne5 Bb5 18. Rc7 $36 {[%mdl 2048] White is more active.} Bxe2 19. Rfc1 Ba6 (19... Rd2 $14) 20. Nxf7 $16 ({Much worse is} 20. Bxb7 $6 Bxb7 21. Rxb7 a5 $14) 20... Rf8 21. Ng5 Nd5 22. Nxe6 Nxc7 23. Nxf8 (23. Rxc7 Rac8 $17) 23... Ne8 24. Nd7 Kf7 {[#]} 25. Nc5 ({White should play} 25. b4 $1 $18) 25... Rc8 26. Rc3 Nd6 (26... Ke7 $16 27. Nxb7 (27. Bxb7 Bxb7 28. Nxb7 Rb8 $16) 27... Rxc3 28. bxc3 Bxb7) 27. Nxa6 $18 Rxc3 28. bxc3 {Threatens to win with Nb4.} bxa6 {[%mdl 4096] Endgame KB-KN} 29. c4 Ke6 {[#]} 30. Bd5+ $1 Ke5 31. Kf2 Ne8 32. Ke2 Nf6 (32... h6 $16 {was necessary.} 33. Bb7 Nc7) 33. Bb7 Nd7 34. Bxa6 Nc5 35. Bb5 a5 36. Bc6 h6 37. Kf3 Nb3 {Black hopes to continue with ...Nd2+.} 38. Ke2 $2 (38. Kg4 $18) 38... Nc1+ $2 {[%mdl 8192]} (38... Nc5 $11 {and Black has nothing to worry.}) 39. Kd2 Nb3+ 40. Kc3 Nc5 41. Bf3 Na4+ 42. Kd2 Nc5 43. Bd1 Ne4+ 44. Kd3 Nc5+ 45. Ke2 Nd7 46. Ba4 Nc5 47. Bc2 Nd7 48. Kd2 Nc5 49. Kc3 Na6 $2 (49... g5 50. h3 Nd7) 50. c5 {[%cal Bc4c5,Bc5c6][%mdl 32]} Kd5 51. c6 {Accuracy: White = 92%, Black = 71%.} 1-0

[Event "Skalica Masters 2020"]
[Site "Skalica"]
[Date "2020.08.30"]
[Round "9.2"]
[White "Donchenko Alexander"]
[Black "Blohberger Felix"]
[Result "1-0"]
[WhiteElo "2657"]
[BlackElo "2467"]
[Annotator "TA"]
[PlyCount "101"]
[EventDate "2020.08.23"]
[EventType "tourn"]
[EventCountry "SVK"]
[SourceTitle "playchess.com"]
[Source "ChessBase"]
[SourceQuality "1"]

{[%evp 12,101,0,5,27,12,11,4,8,23,22,9,10,15,14,10,17,8,26,16,39,39,48,16,42,43,54,46,138,137,169,173,175,176,170,172,186,162,186,140,140,136,176,179,178,175,178,176,175,160,160,160,156,158,221,220,244,216,253,216,263,260,263,263,277,0,270,270,270,262,270,270,271,270,269,263,264,265,262,262,262,239,260,255,248,184,199,191,322,300,305,302]} 1. d4 Nf6 2. c4 e6 3. g3 Bb4+ 4. Nd2 c5 5. a3 Bxd2+ 6. Qxd2 cxd4 7. Nf3 d5 {E00: Catalan Bogo-Indian (3 g3 Bb4+).} 8. Bg2 dxc4 {Threatening ...Nc6.} 9. Qxd4 Qxd4 {The position is equal.} 10. Nxd4 O-O 11. Be3 Nd5 12. Rc1 Nxe3 13. fxe3 Nd7 14. Rxc4 Rd8 15. O-O Nf6 {[#]} 16. Nf3 $146 ({Predecessor:} 16. Rc7 Rb8 17. b4 Rd7 18. Rc4 Rd8 19. Rc7 e5 20. Nb5 Bg4 21. Re1 a6 22. Nc3 {½-½ (46) Wojtaszek,R (2744)-Karjakin,S (2778) Shamkir 2018}) 16... Bd7 17. Ne5 $36 {[%mdl 2048] White has some pressure.} Bb5 18. Rc7 Bxe2 19. Rfc1 Ba6 (19... Rd2 $14) 20. Nxf7 $16 ({Much less strong is} 20. Bxb7 $6 Bxb7 21. Rxb7 a5 $14) 20... Rf8 21. Ng5 Nd5 22. Nxe6 Nxc7 23. Nxf8 ({Worse is} 23. Rxc7 Rac8 $17) 23... Ne8 24. Nd7 Kf7 25. Nc5 Rc8 26. Rc3 Nd6 27. Nxa6 Rxc3 28. bxc3 {Hoping for Nb4.} bxa6 $18 {[%mdl 4096] Endgame KB-KN} 29. c4 Ke6 {[#]} 30. Bd5+ $1 Ke5 31. Kf2 Ne8 32. Ke2 Nf6 (32... h6 $16 {was called for.} 33. Bb7 Nc7) 33. Bb7 Nd7 34. Bxa6 Nc5 35. Bb5 a5 36. Bc6 h6 37. Kf3 Nb3 {Black hopes to continue with ...Nd2+.} 38. Ke2 $2 {[#]} (38. Kg4 $18) 38... Nc1+ $2 {[%mdl 8192]} (38... Nc5 $11 {and Black is okay.}) 39. Kd2 Nb3+ 40. Kc3 Nc5 41. Bf3 Na4+ 42. Kd2 Nc5 43. Bd1 Ne4+ 44. Kd3 Nc5+ 45. Ke2 Nd7 46. Ba4 Nc5 47. Bc2 Nd7 48. Kd2 Nc5 49. Kc3 Na6 (49... g5 $142 50. Bg6 Na4+ 51. Kb3 Nc5+ 52. Kc2 Na4) 50. c5 {[%cal Bc4c5,Bc5c6][%mdl 32]} Kd5 51. c6 {Accuracy: White = 92%, Black = 71%.} 1-0

[Event "Skalica Masters 2020"]
[Site "Skalica"]
[Date "2020.08.30"]
[Round "9.3"]
[White "Druska, Juraj"]
[Black "Schwarz, Dusan"]
[Result "1-0"]
[WhiteElo "2515"]
[BlackElo "2297"]
[Annotator "TA"]
[PlyCount "83"]
[EventDate "2020.08.23"]
[EventType "tourn"]
[EventCountry "SVK"]
[SourceTitle "playchess.com"]
[Source "ChessBase"]
[SourceQuality "1"]

{[%evp 4,4,16]} 1. c4 e5 2. g3 Nf6 {An uneventful encounter.} {Predecessor:} 3. Bg2 c6 (3... d5 4. cxd5 Nxd5 5. Nc3 Nb6 6. Nf3 {A29: English Opening: Four Knights Variation with 4 g3.} Nc6 7. O-O Be7 8. d3 O-O 9. Be3 Be6 10. Rc1 Nd5 11. Nxd5 Bxd5 12. Qc2 Re8 13. a3 Qd7 14. Nd2 Rad8 15. Bxd5 Qxd5 16. Qc4 a5 17. Rc2 f5 18. Rfc1 Qxc4 19. Rxc4 {½-½ (67) Carlsen,M (2863)-Nakamura,H (2736) chess24.com INT 2020}) 4. Nf3 e4 5. Nd4 d5 6. d3 Bc5 7. Nb3 Bb4+ 8. Bd2 Bxd2+ 9. Qxd2 dxc4 10. dxc4 O-O 11. Nc3 Qe7 12. Rd1 Re8 13. Qd6 Qxd6 14. Rxd6 Be6 15. Nd2 e3 16. fxe3 Ng4 17. Nd1 Na6 18. h3 Ne5 19. b3 Nb4 20. Nc3 f6 21. Nde4 a5 22. Nc5 Bf7 23. Kf2 Nc2 24. Rhd1 b6 25. N5a4 Rab8 26. Bxc6 Nxe3 27. Bxe8 Nxd1+ 28. Nxd1 Bxe8 29. Rxb6 Rd8 30. Nac3 a4 31. Nd5 axb3 32. axb3 Bd7 33. h4 Ra8 34. c5 Ra2 35. N5c3 Rc2 36. b4 h5 37. Rd6 Bf5 38. Ke1 Nc4 39. Rd4 Be6 40. b5 Ne3 41. b6 Rxc3 42. Rd8+ 1-0

[Event "Skalica Masters 2020"]
[Site "Skalica"]
[Date "2020.08.30"]
[Round "9.4"]
[White "Saric, Ivan"]
[Black "Gazik, Viktor"]
[Result "1-0"]
[WhiteElo "2646"]
[BlackElo "2502"]
[Annotator "TA"]
[PlyCount "103"]
[EventDate "2020.08.23"]
[EventType "tourn"]
[EventCountry "SVK"]
[SourceTitle "playchess.com"]
[Source "ChessBase"]
[SourceQuality "1"]

{[%evp 14,103,70,65,64,37,33,55,53,29,50,22,7,18,32,39,45,7,18,10,48,45,49,47,45,47,52,46,71,57,54,45,49,48,53,34,61,20,29,29,23,0,0,0,46,0,17,14,14,19,20,12,16,9,75,69,159,159,159,159,159,159,158,158,158,158,154,155,708,689,622,639,661,744,698,500,1594,1479,2271,2274,2043,2092,1859,1592,1519,800,791,789,29967,29958,29966,29966]} 1. e4 c5 2. Nf3 d6 3. d4 cxd4 4. Nxd4 Nf6 5. Nc3 a6 6. Be3 e6 7. Be2 {is now debated instead of 7.f3.} b5 8. Bf3 $1 {And now e5! would win.} e5 {B84: Sicilian Scheveningen: 6 Be2 a6, lines without early Be3.} 9. Nb3 Bb7 {[#]} 10. Nd5 $146 ({Predecessor:} 10. Qd2 Nbd7 11. g4 b4 12. Nd5 Nxd5 13. exd5 a5 14. a3 bxa3 15. Rxa3 a4 16. Nc1 {1-0 (48) Vehi Bach,V (2331)-Rios,C (2530) Barcelona 2019}) 10... Nbd7 {White is slightly better.} 11. a4 Be7 12. Qd2 {Black should prevent Na5.} Nxd5 13. exd5 Nf6 14. Na5 Qc7 15. Nxb7 (15. c4 $5) 15... Qxb7 16. axb5 Qxb5 17. b3 O-O 18. Ra5 Qb7 19. Ra4 Bd8 20. O-O Re8 21. Rd1 a5 22. Qd3 Rc8 23. Be2 Re7 24. h3 g6 25. Rd2 Nd7 26. Qa6 Qb8 27. Ba7 Qa8 $1 28. Be3 Qb8 29. b4 (29. Qb5 {is interesting.} Qxb5 30. Bxb5 Nc5 31. Rc4 Bb6 32. Rd1) 29... axb4 30. Rxb4 Qxb4 31. Qxc8 Qb8 32. Qxb8 Nxb8 33. Bb5 Nd7 (33... Rb7 $11 {keeps the balance.} 34. c4 Bb6) 34. c4 $16 Bb6 (34... Nb6 $14) 35. Bxb6 $1 Nxb6 {[%mdl 4096] Endgame [#] KRB-KRN} 36. c5 $1 {[%cal Rc5b6][%mdl 512]} Nc8 (36... dxc5 37. d6) 37. Ba6 Rc7 38. Bxc8 Rxc8 {[#] KR-KR} 39. c6 $1 ({Inferior is} 39. cxd6 Rd8 $11) 39... Kg7 40. f3 f5 $2 {This move loses the game for Black.} (40... Kf6 $16 41. Rb2 Kf5) 41. Rb2 $18 Kf6 42. Rb7 e4 {[#]} 43. f4 $1 g5 44. g3 Ra8 (44... g4 $142 45. hxg4 fxg4 46. Rxh7 e3) 45. Rd7 Ra1+ 46. Kf2 Ra2+ 47. Ke1 Ra1+ 48. Kd2 Ra2+ 49. Kc1 {Threatens to win with c7.} e3 50. Rxd6+ Kf7 51. c7 e2 52. Re6 {Accuracy: White = 83%, Black = 63%.} 1-0

[Event "Skalica Masters 2020"]
[Site "Skalica"]
[Date "2020.08.30"]
[Round "9.5"]
[White "Yankelevich, Lev"]
[Black "Sahidi, Samir"]
[Result "1/2-1/2"]
[WhiteElo "2461"]
[BlackElo "2400"]
[Annotator "TA"]
[PlyCount "45"]
[EventDate "2020.08.23"]
[EventType "tourn"]
[EventCountry "SVK"]
[SourceTitle "playchess.com"]
[Source "ChessBase"]
[SourceQuality "1"]

{[%evp 22,45,12,6,31,34,30,18,34,27,22,25,35,38,40,0,22,-1,87,81,82,79,165,133,158,97]} 1. e4 e5 2. Nf3 Nc6 3. Bb5 a6 4. Ba4 Nf6 5. O-O Be7 6. Re1 b5 7. Bb3 d6 8. a4 Bg4 9. c3 O-O 10. d3 Na5 11. Bc2 c5 12. Nbd2 {[%cal Bb1d2,Bd2f1,Bf1g3][%mdl 32]} h6 {C90: Closed Ruy Lopez with 7...d6: Early deviations.} 13. Nf1 Re8 14. Ng3 Bf8 {The position is equal.} 15. h3 Bd7 16. d4 cxd4 17. cxd4 Nc6 18. Be3 Nb4 19. Bb3 a5 (19... bxa4 $11 {keeps the balance.} 20. Bxa4 Bxa4 21. Rxa4 Rb8) 20. dxe5 $16 dxe5 21. axb5 {[%cal Ba4b5,Bb5b6][%mdl 32]} Qb8 (21... Bxb5 $16 22. Qxd8 Raxd8) 22. b6 {And now Nh5! would win.} Bb5 23. Ba4 {Accuracy: White = 67%, Black = 48%.} (23. Nd2 $142) 1/2-1/2